<?xml version="1.0" encoding="UTF-8"?>
<record
    xmlns:xsi="http://www.w3.org/2001/XMLSchema-instance"
    xsi:schemaLocation="http://www.loc.gov/MARC21/slim http://www.loc.gov/standards/marcxml/schema/MARC21slim.xsd"
    xmlns="http://www.loc.gov/MARC21/slim">

  <leader>03784nam a2200385 i 4500</leader>
  <controlfield tag="003">EG-ScBUE</controlfield>
  <controlfield tag="005">20230413100551.0</controlfield>
  <controlfield tag="008">161107t2015    enka   f b    001 0 eng d</controlfield>
  <datafield tag="020" ind1=" " ind2=" ">
    <subfield code="a">9781472575241</subfield>
  </datafield>
  <datafield tag="040" ind1=" " ind2=" ">
    <subfield code="a">EG-ScBUE</subfield>
    <subfield code="b">eng</subfield>
    <subfield code="e">rda</subfield>
    <subfield code="c">EG-ScBUE</subfield>
    <subfield code="d">EG-ScBUE</subfield>
  </datafield>
  <datafield tag="082" ind1="0" ind2="4">
    <subfield code="a">791.43</subfield>
    <subfield code="b">EDG</subfield>
    <subfield code="2">22</subfield>
  </datafield>
  <datafield tag="100" ind1="1" ind2=" ">
    <subfield code="a">Edgar-Hunt, Robert,</subfield>
    <subfield code="e">author.</subfield>
  </datafield>
  <datafield tag="245" ind1="1" ind2="4">
    <subfield code="a">The language of film /</subfield>
    <subfield code="c">Robert Edgar, John Marland, Steven Rawle.</subfield>
  </datafield>
  <datafield tag="250" ind1=" " ind2=" ">
    <subfield code="a">Second edition.</subfield>
  </datafield>
  <datafield tag="264" ind1=" " ind2="1">
    <subfield code="a">London ;</subfield>
    <subfield code="a">New York :</subfield>
    <subfield code="b">Fairchild Books / Bloomsbury Publishing,</subfield>
    <subfield code="c">[2015]</subfield>
  </datafield>
  <datafield tag="264" ind1=" " ind2="4">
    <subfield code="c">c2015</subfield>
  </datafield>
  <datafield tag="300" ind1=" " ind2=" ">
    <subfield code="a">216 pages :</subfield>
    <subfield code="b">illustrations ;</subfield>
    <subfield code="c">23 cm.</subfield>
  </datafield>
  <datafield tag="336" ind1=" " ind2=" ">
    <subfield code="2">rdacontent</subfield>
    <subfield code="a">text</subfield>
    <subfield code="b">txt</subfield>
  </datafield>
  <datafield tag="337" ind1=" " ind2=" ">
    <subfield code="2">rdamedia</subfield>
    <subfield code="a">unmediated</subfield>
    <subfield code="b">n</subfield>
  </datafield>
  <datafield tag="338" ind1=" " ind2=" ">
    <subfield code="2">rdacarrier</subfield>
    <subfield code="a">volume</subfield>
    <subfield code="b">nc</subfield>
  </datafield>
  <datafield tag="490" ind1="0" ind2=" ">
    <subfield code="a">Basics filmmaking</subfield>
  </datafield>
  <datafield tag="504" ind1=" " ind2=" ">
    <subfield code="a">Includes bibliographical references and index.</subfield>
  </datafield>
  <datafield tag="505" ind1="8" ind2=" ">
    <subfield code="a">Machine generated contents note: -- Introduction -- Chapter 1 - Semiotics: Images; The Visual Mind; Reading the Signs; Making Meaning; Codes and Filters; Case study: Seven (d: David Fincher, US); Chapter 1 Summary. Chapter 2 - Narrative: Theories of Storytelling; Structuralism; Theories of Structure; Genette's Narrative Discourse; Case Study: The Secret Life of Walter Mitty (dir: Ben Stiller); Chapter 2 Summary. Chapter 3 - Intertextuality: Text; Quotation; Allusion; Cult Film; Genre; Case Study: Citizen Kane (dir: Orson Welles); Chapter 3 Summary. Chapter 4 - Ideology: Ideological Analysis; Realism; Ideology and Genre; Case study: Dead Man's Shoes (dir: Shane Meadows); Chapter 4 Summary. Chapter 5 - Frames and Images: The Shot; Distance, Height and Framing; Mise en Scene; The Mobile Camera Frame; Time and the Long Take; Case Study: Hero (dir: Yimou Zhang); Chapter 5 Summary.Chapter 6 - Sound: Film: An Audio-visual Medium; Sound Properties; Diegetic and Non-diegetic Sound; Off-screen Space and Audio; The voice; Music; Case study: Berberian Sound Studio (dir: David Strickland); Chapter 6 Summary.Chapter 7 - Constructing Meaning: Continuity Editing; Discontinuity Editing; Montage; Pacing; Space; Case study: Psycho (dir: Alfred Hitchcock); Chapter 7 Summary.Conclusion.</subfield>
  </datafield>
  <datafield tag="520" ind1=" " ind2=" ">
    <subfield code="a">"Becoming an effective filmmaker involves being deliberately mindful of the structures and conventions that allow film to communicate meaning to a global audience. The Language of Film explores complex topics such as semiotics, narrative, intertextuality, ideology and the aesthetics of film in a clear and straightforward style, enabling you to apply these ideas and techniques to your own analysis or film-making. With full-colour film stills, in-depth case studies and a wide range of practical exercises, The Language of Film will help you to make the transition from consumer to practitioner - from someone who just responds to the language of film, to someone who actively uses it. In the second edition, a new chapter examines how sound contributes to narrative and space to tell stories, create imaginary worlds and shape the realist (and often non-realist) effect of cinema. Along with two case studies from the first edition, Seven (dir: David Fincher) and Citizen Kane (dir: Orson Welles), the second edition also includes five new case studies: The Secret Life of Walter Mitty (dir: Ben Stiller), Dead Man's Shoes (dir: Shane Meadows), Hero (dir: Yimou Zhang), Berberian Sound Studio (d: Peter Strickland) and Psycho (d: Alfred Hitchcock)"--</subfield>
  </datafield>
  <datafield tag="650" ind1=" " ind2="7">
    <subfield code="a">Motion pictures</subfield>
    <subfield code="x">Semiotics.</subfield>
    <subfield code="2">BUEsh</subfield>
  </datafield>
  <datafield tag="650" ind1=" " ind2="7">
    <subfield code="a">Motion pictures</subfield>
    <subfield code="x">Production and direction.</subfield>
    <subfield code="2">BUEsh</subfield>
    <subfield code="9">39027</subfield>
  </datafield>
  <datafield tag="650" ind1=" " ind2="7">
    <subfield code="a">Cinematography.</subfield>
    <subfield code="2">BUEsh</subfield>
    <subfield code="9">41691</subfield>
  </datafield>
  <datafield tag="651" ind1=" " ind2=" ">
    <subfield code="2">BUEsh</subfield>
  </datafield>
  <datafield tag="653" ind1=" " ind2=" ">
    <subfield code="b">COMAME</subfield>
    <subfield code="c">November2016</subfield>
  </datafield>
  <datafield tag="653" ind1=" " ind2=" ">
    <subfield code="b">HHUUEENN</subfield>
    <subfield code="c">February2017</subfield>
  </datafield>
  <datafield tag="655" ind1=" " ind2=" ">
    <subfield code="v">Reading book</subfield>
  </datafield>
  <datafield tag="700" ind1="1" ind2=" ">
    <subfield code="a">Marland, John,</subfield>
    <subfield code="e">author.</subfield>
  </datafield>
  <datafield tag="700" ind1="1" ind2=" ">
    <subfield code="a">Rawle, Steven,</subfield>
    <subfield code="e">author.</subfield>
  </datafield>
  <datafield tag="942" ind1=" " ind2=" ">
    <subfield code="2">ddc</subfield>
    <subfield code="c">BB</subfield>
  </datafield>
  <datafield tag="999" ind1=" " ind2=" ">
    <subfield code="c">23042</subfield>
    <subfield code="d">23014</subfield>
  </datafield>
  <datafield tag="952" ind1=" " ind2=" ">
    <subfield code="0">0</subfield>
    <subfield code="1">0</subfield>
    <subfield code="2">ddc</subfield>
    <subfield code="4">0</subfield>
    <subfield code="7">0</subfield>
    <subfield code="8">Baccah</subfield>
    <subfield code="a">MAIN</subfield>
    <subfield code="b">MAIN</subfield>
    <subfield code="c">2ND</subfield>
    <subfield code="d">2016-11-07</subfield>
    <subfield code="e">Purchase</subfield>
    <subfield code="g">342.00</subfield>
    <subfield code="h">25840</subfield>
    <subfield code="l">4</subfield>
    <subfield code="m">53</subfield>
    <subfield code="o">791.43 EDG</subfield>
    <subfield code="p">000045214</subfield>
    <subfield code="r">2025-07-15 00:00:00</subfield>
    <subfield code="s">2020-12-23</subfield>
    <subfield code="v">427.50</subfield>
    <subfield code="y">BB</subfield>
  </datafield>
  <datafield tag="952" ind1=" " ind2=" ">
    <subfield code="0">0</subfield>
    <subfield code="1">0</subfield>
    <subfield code="2">ddc</subfield>
    <subfield code="4">0</subfield>
    <subfield code="7">0</subfield>
    <subfield code="8">Baccah</subfield>
    <subfield code="a">MAIN</subfield>
    <subfield code="b">MAIN</subfield>
    <subfield code="c">2ND</subfield>
    <subfield code="d">2017-02-08</subfield>
    <subfield code="e">Purchase</subfield>
    <subfield code="g">462.00</subfield>
    <subfield code="h">27334</subfield>
    <subfield code="l">8</subfield>
    <subfield code="m">27</subfield>
    <subfield code="o">791.43 EDG</subfield>
    <subfield code="p">000041131</subfield>
    <subfield code="r">2025-07-15 00:00:00</subfield>
    <subfield code="s">2022-06-05</subfield>
    <subfield code="v">577.50</subfield>
    <subfield code="w">2017-02-08</subfield>
    <subfield code="y">BB</subfield>
  </datafield>
</record>
